00762 a2200169 4500003000200000005001700002040000600019082001600025100003400041245016700075260003300242300001100275505023900286650001600525651001000541700004100551020251110190414.0 c0 a621.382,SHA aShaheen, PC Sheryar (TCC-7) aFull duplex video communication through optical fiber /cPC Sheryar Shaheen , GC Ammar Hussain , GC Atif Nazeer, NC Bilal Kiyani and NC Muhammad Ali Khan (TCC-7) aRawalpindibMCS (NUST)c1999 a78 p.; aOptical fiber (Page-1) Fiber optic (Page-17) Fiber optic detectors (Page-33) Optical link Characteristics and losses (Page-51) A video communication link using FM-Im Technique (Page-64) Loss budgeting and other parameters (Page-73). aUG Projects aTCC-6 aSupervised by W/CDR (R) Akhlaq Ahmed